| 000 | 00347nam a2200133Ia 4500 | ||
|---|---|---|---|
| 008 | 240624s9999 xx 000 0 und d | ||
| 041 | _aeng | ||
| 082 | _a332.0947 WOR | ||
| 100 | _aWORLD BANK | ||
| 245 | _aBUILDING TRUST DEVELOPMENT THE RUSSIAN F | ||
| 260 |
_c2002 _aNew Delhi _bWorld Bank |
||
| 300 | _axxi, : 359 : p. : cm. ; 25 | ||
| 365 |
_c _b30 |
||
| 999 |
_c5131 _d5131 |
||